<?xml version="1.0" encoding="UTF-8"?>
<record
    xmlns:xsi="http://www.w3.org/2001/XMLSchema-instance"
    xsi:schemaLocation="http://www.loc.gov/MARC21/slim http://www.loc.gov/standards/marcxml/schema/MARC21slim.xsd"
    xmlns="http://www.loc.gov/MARC21/slim">

  <leader>03404cam a2200493 i 4500</leader>
  <controlfield tag="001">0008109460</controlfield>
  <controlfield tag="003">OSt</controlfield>
  <controlfield tag="005">20260627095300.0</controlfield>
  <controlfield tag="008">260108s2026    quca     b    000 0 fre  </controlfield>
  <datafield tag="020" ind1=" " ind2=" ">
    <subfield code="a">9782761966320</subfield>
  </datafield>
  <datafield tag="020" ind1=" " ind2=" ">
    <subfield code="a">2761966325</subfield>
  </datafield>
  <datafield tag="040" ind1=" " ind2=" ">
    <subfield code="a">QMBN</subfield>
    <subfield code="b">fre</subfield>
    <subfield code="e">rda</subfield>
    <subfield code="c">QMBN</subfield>
    <subfield code="d">QMBND</subfield>
  </datafield>
  <datafield tag="050" ind1=" " ind2="4">
    <subfield code="a">D862</subfield>
  </datafield>
  <datafield tag="082" ind1="0" ind2="4">
    <subfield code="a">909.832 J761t</subfield>
    <subfield code="b">J76t</subfield>
    <subfield code="2">23/fre/202604</subfield>
  </datafield>
  <datafield tag="082" ind1="0" ind2="5">
    <subfield code="a">909.832</subfield>
    <subfield code="b">J761t</subfield>
    <subfield code="2">23/fre/202604</subfield>
  </datafield>
  <datafield tag="091" ind1="0" ind2=" ">
    <subfield code="a">909.832</subfield>
  </datafield>
  <datafield tag="100" ind1="0" ind2=" ">
    <subfield code="a">Jonathan,</subfield>
    <subfield code="c">le Prof,</subfield>
    <subfield code="d">1983-</subfield>
    <subfield code="e">auteur</subfield>
  </datafield>
  <datafield tag="245" ind1="1" ind2="0">
    <subfield code="a">Tout va bien :</subfield>
    <subfield code="b">petit guide de survie mentale face au chaos mondial /</subfield>
    <subfield code="c">Jonathan le Prof</subfield>
  </datafield>
  <datafield tag="264" ind1=" " ind2="1">
    <subfield code="a">Montr&#xEF;&#xBF;&#xBD;al (Qu&#xEF;&#xBF;&#xBD;bec) Canada :</subfield>
    <subfield code="b">les &#xEF;&#xBF;&#xBD;ditions de l'Homme,</subfield>
    <subfield code="c">[2026]</subfield>
  </datafield>
  <datafield tag="300" ind1=" " ind2=" ">
    <subfield code="a">196 pages :</subfield>
    <subfield code="b">illustrations ;</subfield>
    <subfield code="c">23 cm</subfield>
  </datafield>
  <datafield tag="336" ind1=" " ind2=" ">
    <subfield code="a">texte</subfield>
    <subfield code="b">txt</subfield>
    <subfield code="2">rdacontent</subfield>
  </datafield>
  <datafield tag="337" ind1=" " ind2=" ">
    <subfield code="a">sans m&#xEF;&#xBF;&#xBD;diation</subfield>
    <subfield code="b">n</subfield>
    <subfield code="2">rdamedia</subfield>
  </datafield>
  <datafield tag="338" ind1=" " ind2=" ">
    <subfield code="a">volume</subfield>
    <subfield code="b">nc</subfield>
    <subfield code="2">rdacarrier</subfield>
  </datafield>
  <datafield tag="504" ind1=" " ind2=" ">
    <subfield code="a">Comprend des r&#xE9;f&#xE9;rences bibliographiques (pages 189-194)</subfield>
  </datafield>
  <datafield tag="520" ind1=" " ind2=" ">
    <subfield code="a">Le populisme monte en fl&#xE8;che, la plan&#xE8;te br&#xFB;le, la haine devient la norme, la d&#xE9;sinformation est partout et l&#x2019;IA en viendra peut-&#xEA;tre &#xE0; nous contr&#xF4;ler. Bref, le monde semble au bord du gouffre et, pourtant, on continue &#xE0; vivre comme si de rien n&#x2019;&#xE9;tait.
Dans son tout premier livre, Jonathan le Prof pose un regard engag&#xE9; sur les grandes crises de notre &#xE9;poque. Pour ce faire, il remonte le fil de l&#x2019;histoire afin d&#x2019;&#xE9;clairer le pr&#xE9;sent: guerres, changements climatiques, dictatures, culture du vide, in&#xE9;galit&#xE9;s flagrantes, etc.
Rien n&#x2019;est &#xE9;pargn&#xE9;, mais tout est expliqu&#xE9; avec clart&#xE9; et une touche d&#x2019;humour.</subfield>
  </datafield>
  <datafield tag="650" ind1=" " ind2="6">
    <subfield code="a">Crises (Sciences sociales)</subfield>
    <subfield code="x">Histoire</subfield>
    <subfield code="y">21e si&#xEF;&#xBF;&#xBD;cle</subfield>
  </datafield>
  <datafield tag="650" ind1=" " ind2="6">
    <subfield code="a">Politique mondiale</subfield>
    <subfield code="y">21e si&#xEF;&#xBF;&#xBD;cle</subfield>
  </datafield>
  <datafield tag="650" ind1=" " ind2="6">
    <subfield code="a">Vingt et uni&#xEF;&#xBF;&#xBD;me si&#xEF;&#xBF;&#xBD;cle</subfield>
  </datafield>
  <datafield tag="650" ind1=" " ind2="6">
    <subfield code="a">Civilisation</subfield>
    <subfield code="y">21e si&#xEF;&#xBF;&#xBD;cle</subfield>
  </datafield>
  <datafield tag="942" ind1=" " ind2=" ">
    <subfield code="2">ddc</subfield>
    <subfield code="c">DOC ADULTE</subfield>
  </datafield>
  <datafield tag="999" ind1=" " ind2=" ">
    <subfield code="c">18907</subfield>
    <subfield code="d">18907</subfield>
  </datafield>
  <datafield tag="952" ind1=" " ind2=" ">
    <subfield code="0">0</subfield>
    <subfield code="1">0</subfield>
    <subfield code="2">ddc</subfield>
    <subfield code="4">0</subfield>
    <subfield code="7">0</subfield>
    <subfield code="a">HENRYVILLE</subfield>
    <subfield code="b">HENRYVILLE</subfield>
    <subfield code="d">2026-06-27</subfield>
    <subfield code="l">0</subfield>
    <subfield code="o">909.832 J761t</subfield>
    <subfield code="p">30001030039301</subfield>
    <subfield code="r">2026-06-27 09:52:13</subfield>
    <subfield code="w">2026-06-27</subfield>
    <subfield code="y">DOC ADULTE</subfield>
  </datafield>
</record>
